Valcovanie

Guardado en:
Detalles Bibliográficos
Formato: Libro
Lenguaje:eslovaco
Publicado: Bratislava : Alfa, 1991
Edición:1.vyd.
Materias:
Acceso en línea:OBSAH
Etiquetas: Agregar Etiqueta
Sin Etiquetas, Sea el primero en etiquetar este registro!

MARC

LEADER 00000nam a22000003a 4500
001 stu34275
005 20150408180857.7
008 920313s1991----cs------------------slo-d
020 |a 80-05-00729-9 
040 |a STU  |b slo 
041 0 |a slo 
044 |a cs 
080 |a 621.771(075.8) 
245 |a Valcovanie 
250 |a 1.vyd. 
260 |a Bratislava :  |b Alfa,  |c 1991 
300 |a 569 s 
650 7 |a valcovanie  |2 stusub 
856 4 |a https://sweb.mtf.stuba.sk/obsahy/valcovanie_91.pdf  |u https://sweb.mtf.stuba.sk/obsahy/valcovanie_91.pdf  |3 OBSAH 
996 |b 284M021608  |c M*7952-4  |l MMST  |s A  |a 24  |w stu34275_0001 
996 |b 284M038970  |c M*7952-1  |l MMST  |s A  |a 24  |w stu34275_0002 
996 |b 284M082031  |c M*7952-2  |l MMKN  |s A  |a 24  |w stu34275_0003 
996 |b 284M048566  |c M*7952-3  |l MMST  |s A  |a 24  |w stu34275_0004 
996 |b 284M021373  |c M*7952-5  |l MMKN  |s A  |a 24  |w stu34275_0005